| 000 | 00000nam##2200000za#4500 |
| 001 | 9.618778 |
| 003 | CaOODSP |
| 005 | 20210615103038 |
| 007 | ta |
| 008 | 150406|2008||||xxc||||| f|0| 0 eng|d |
| 022 | |a0706-6473 |
| 040 | |aCaOODSP|beng |
| 043 | |an-cn--- |
| 086 | 1 |aFs97-4/2738E |
| 110 | 1 |aCanada. |bDepartment of Fisheries and Oceans. |
| 245 | 10|aResearch and goal priorities for fish habitat management : |bscience support requirements for implementing the fish habitat protection provisions of the Fisheries Act / |cby D.J. Walks, B. Fallis, and D. Ming. |
| 260 | |aBurlington - Ontario : |bFisheries and Oceans Canada |c2008. |
| 300 | |avi, 63p. : |bfigs., references, tables ; |c28 cm. |
| 490 | 1 |aCanadian manuscript report of fisheries and aquatic sciences|x0706-6473|v2738 |
| 520 | 3 |aThe scientific accountability of Fisheries and Oceans Canada Fish Habitat Management (FHM) decisions relies on a strong link between fish management biologists and fish habitat researcher. This document strengthens this link by identifying, for Fisheries and Oceans Canada Science (DFO-Science), FHM research needs required to support effective and defensible decisions with regard to works or undertakings affecting fishes or fish habitat. |
| 546 | |a(Résumé en français.) |
| 563 | |aSpiral binding |
| 590 | |a08-17|b2008-04-25 |
| 720 | 1 |aMing, D. |
| 720 | 1 |aWalks, D. J. |
| 720 | 1 |aFallis, B. |
| 776 | 0#|tResearch and goal priorities for fish habitat management : |w(CaOODSP)9.580032 |
| 830 | #0|aCanadian manuscript report of fisheries and aquatic sciences,|x0706-6473|v2738|w(CaOODSP)9.514688 |